Il comportamento sessuale della donna /

Uloženo v:
Podrobná bibliografie
Další autoři: Kinsey, Alfred C., Oddera, Bruno, Pomeroy, Wardell B., Martin, Clyde E., Gebhard, Paul H., Bencini, Alda
Médium: Kniha
Jazyk:italština
Vydáno: Milano : Bompiani, 1960
Vydání:5. ed
Edice:L'uomo ; 19
Témata:
Tagy: Přidat tag
Žádné tagy, Buďte první, kdo vytvoří štítek k tomuto záznamu!

MARC

LEADER 00000nam a22000007i 4500
001 IT\ICCU\MIL\0471058
003 ItRI
005 20250910123904.0
008 000914s1960 it |||||| ||||| |||||c
040 |b ita  |c ct 
041 7 |a ita  |2 ISO-639-2 
245 0 3 |a Il comportamento sessuale della donna /  |c di Alfred C. Kinsey ... \et al.!. 
250 |a 5. ed 
260 |a Milano :  |b Bompiani,  |c 1960 
300 |a XII, 803 p. :  |b ill. ;  |c 20 cm. 
650 7 |a Donna  |x Comportamento sessuale  |2 scbi 
700 1 |a Kinsey, Alfred C.  |0 IT\ICCU\RAVV\055906 
700 1 |a Oddera, Bruno 
700 1 |a Pomeroy, Wardell B. 
700 1 |a Martin, Clyde E. 
700 1 |a Gebhard, Paul H. 
700 1 |a Bencini, Alda 
830 2 |a L'uomo ;  |v 19  |0 IT\ICCU\CUB\0086430 
942 |2 ddc  |c BK 
952 |0 0  |1 0  |2 ddc  |4 0  |6 B_SSA03KINARCOM11  |7 0  |9 8174  |a MI  |b MI  |d 2005-08-06  |i 4942  |l 0  |o B-SSA03-KINAR-COM11  |p CDOM4942  |r 2025-07-17 21:50:00  |w 2025-07-17  |x ACQUISTO  |y BK 
999 |c 6840  |d 6840